Stochastic transport processes in discrete biological systems
Сохранить в:
| Главный автор: | |
|---|---|
| Формат: | |
| Язык: | английский |
| Опубликовано: |
Berlín
Springer-Verlag
1982
|
| Серии: | Lecture Notes in Biomathematics, 47
|
| Предметы: | |
| Метки: |
Добавить метку
Нет меток, Требуется 1-ая метка записи!
|
MARC
| LEADER | 00000nam a2200000 a 4500 | ||
|---|---|---|---|
| 001 | UCS0930 | ||
| 003 | CL-VaPUC | ||
| 008 | 970428e19820000GW |||||||||||||||||eng|d | ||
| 082 | 0 | 4 | |a 570.15195 |b FRE |2 21 |
| 100 | 0 | |a Frehland, Eckart |e author |9 384833 | |
| 245 | 1 | 0 | |a Stochastic transport processes in discrete biological systems |
| 300 | |a 169 p | ||
| 942 | |c BK | ||
| 945 | |d 19970428 00:00:00 |a rleighto | ||
| 260 | |a Berlín |b Springer-Verlag |c 1982 | ||
| 650 | 7 | |a BIOMATEMATICAS |2 CL-VaPUC |9 260148 | |
| 650 | 0 | |a Procesos estocásticos |9 260364 | |
| 650 | 0 | |a Probabilidades |9 260199 | |
| 650 | 0 | |a Dinámica de fluidos |9 260582 | |
| 650 | 0 | |a Teoría del transporte |9 260584 | |
| 583 | |a last modification |c 19970428 00:00:00 |k Rodrigo Vera | ||
| 490 | 0 | |a Lecture Notes in Biomathematics, 47 | |
| 999 | |c 259055 |d 259053 | ||